000 00737cab a2200217 4500
001 ABS54110
008 090401t1995 xxu||||| |||| 00| 0 eng d
035 _a(Sirsi) u8599
041 _aeng
100 _aByrd, T.
245 _aTaking the toll
260 _c1995
350 _a0
490 _aHighways
_v63(8) November 1995, 15-16(2)
520 _aDiscusses the trials for establishing a tolling system for the UK motorway network and considers the merits of various proposed methods which will each need to determine the presence of a vehicle, measure the journey and levy an appropriate charge.
650 _aMOTORWAYS
650 _aTOLL ROADS
690 _aTRANSPORT AND COMMUNICATIONS
942 _n0
948 _c04/03/1997
999 _c5321
_d5321